000 00627nmm a2200205Ia 4500
008 251105s9999||||xx |||||||||||||||||und||
020 _a9788419283757
041 _aspa
100 _aIosivoni, Bianca
245 0 _aMagia de sangre (Crónicas de la medianoche 2)
264 _a[Madrid, España] :
_bRoca Editorial,
_c[Fecha de publicación no identificada]
300 _a0 páginas
490 _aRoca Juvenil
650 _aTeen & Young Adult Fiction
700 _aIosivoni, Bianca
700 1 _a Kneidl, Laura
700 1 _a Guelbenzu, Ana
856 _uhttps://public.digitaliapublishing.com/a/135163
942 _cCF
999 _c67097
_d67097